[Event "Vasylyshyn Memorial GM"]
[Site "Lviv UKR"]
[Date "2010.11.29"]
[Round "7"]
[White "Grabliauskas, Virginijus"]
[Black "Vysochin, Spartak"]
[Result "0-1"]
[WhiteTitle "IM"]
[BlackTitle "GM"]
[WhiteElo "2404"]
[BlackElo "2550"]
[WhiteFideId "12800597"]
[BlackFideId "14103516"]
[EventDate "2010.11.23"]
[EventType "tourn"]

1. d4 d5 2. c4 c6 3. Nc3 Nf6 4. e3 a6 5. Qc2 e6 6. Nf3 c5 7. cxd5 exd5 8. Be2
Be6 9. O-O Nc6 10. Rd1 Nb4 11. Qd2 Ne4 12. Nxe4 dxe4 13. Ne5 cxd4 14. exd4 f6
15. Nc4 Rc8 16. d5 Qxd5 17. Qf4 Qf5 18. Nd6+ Bxd6 19. Qxd6 Nc2 20. Bf4 Kf7 21.
Rac1 Rc6 22. Qd2 Rhc8 23. h3 h5 24. b3 Rc5 25. Qd6 R5c6 26. Qd2 a5 27. f3 g5 28.
Be3 Nxe3 29. Qxe3 Rxc1 30. Rxc1 Rxc1+ 31. Qxc1 Kg6 32. Qc3 Bd5 33. Qxa5 exf3 34.
gxf3 Qe5 35. Kf1 Be6 36. Bd3+ Kf7 37. Qa8 Bxh3+ 38. Kf2 Qd4+ 39. Ke2 Bf1+ 40.
Kxf1 Qxd3+ 41. Kf2 Qd2+ 42. Kf1 Qd3+ 43. Kf2 Qa6 0-1

[Event "Vasylyshyn Memorial GM"]
[Site "Lviv UKR"]
[Date "2010.11.29"]
[Round "7"]
[White "Polivanov, Anatoliy"]
[Black "Semcesen, Daniel"]
[Result "1/2-1/2"]
[WhiteTitle "IM"]
[BlackTitle "IM"]
[WhiteElo "2395"]
[BlackElo "2449"]
[WhiteFideId "14109468"]
[BlackFideId "1706993"]
[EventDate "2010.11.23"]
[EventType "tourn"]

1. e4 e5 2. Nf3 Nc6 3. Bc4 Bc5 4. b4 Bb6 5. a4 a6 6. Bb2 d6 7. b5 axb5 8. axb5
Rxa1 9. Bxa1 Nce7 10. d4 exd4 11. Nxd4 Nf6 12. Nc3 O-O 13. O-O c6 14. Re1 Re8
15. h3 d5 16. exd5 cxd5 17. Bf1 Qd6 18. Re3 Ng6 19. Rxe8+ Nxe8 20. Nf3 Nf6 21.
Na4 Bc7 22. Qd4 Qf4 23. c4 1/2-1/2

[Event "Vasylyshyn Memorial GM"]
[Site "Lviv UKR"]
[Date "2010.11.29"]
[Round "7"]
[White "Vovk, Andrey"]
[Black "Bernadskiy, Vitaliy"]
[Result "1/2-1/2"]
[WhiteTitle "GM"]
[BlackTitle "IM"]
[WhiteElo "2546"]
[BlackElo "2438"]
[WhiteFideId "14114470"]
[BlackFideId "14100371"]
[EventDate "2010.11.23"]
[EventType "tourn"]

1. e4 e5 2. Nf3 Nc6 3. Bb5 a6 4. Ba4 Nf6 5. O-O Be7 6. Re1 b5 7. Bb3 d6 8. c3
O-O 9. h3 Bd7 10. d4 Qc8 11. Kh2 h6 12. Nbd2 Re8 13. Nf1 Bf8 14. Ng3 Na5 15. Bc2
c5 16. b3 Nc6 17. d5 Ne7 18. c4 g6 19. Be3 a5 20. cxb5 Bxb5 21. a4 Ba6 22. Bd2
Qd8 23. Bc3 Nd7 24. Qd2 Bc8 25. Bd3 Bg7 26. Qc2 Rf8 27. Nd2 Nb6 28. Nc4 Nxc4 29.
bxc4 Bd7 30. Reb1 Qc7 31. Qd2 Qa7 32. Rb2 Kh7 33. Bc2 Qa6 34. Rab1 Nc8 35. Rb7
Rd8 36. h4 Bf6 37. f4 Kg7 38. Bd1 Ra7 39. Rb8 Ra8 40. fxe5 dxe5 41. Rxa8 Qxa8
42. Bxa5 Re8 43. Bc7 Qa7 44. Bb8 Qa6 45. Qc3 Nb6 46. Bc7 Na8 47. Bb8 Nb6 48. Bc7
Na8 1/2-1/2

[Event "Vasylyshyn Memorial GM"]
[Site "Lviv UKR"]
[Date "2010.11.29"]
[Round "7"]
[White "Smith, Axel"]
[Black "Petr, Martin"]
[Result "1/2-1/2"]
[WhiteTitle "IM"]
[BlackTitle "IM"]
[WhiteElo "2448"]
[BlackElo "2462"]
[WhiteFideId "1707930"]
[BlackFideId "318299"]
[EventDate "2010.11.23"]
[EventType "tourn"]

1. d4 Nf6 2. c4 g6 3. Nc3 d5 4. cxd5 Nxd5 5. Bd2 Bg7 6. e4 Nxc3 7. Bxc3 c5 8. d5
Bxc3+ 9. bxc3 e6 10. Bc4 O-O 11. Nf3 exd5 12. Bxd5 Nd7 13. O-O Rb8 14. Qd2 Nf6
15. Qf4 Be6 16. Rad1 Qe7 17. c4 Rbd8 18. Rfe1 Rfe8 19. h3 Kg7 20. g4 h6 21. Bxe6
Rxd1 22. Rxd1 Qxe6 23. e5 Nd7 24. Rd6 Qe7 25. e6 Nf8 26. Qe5+ Qf6 27. Qxf6+ Kxf6
28. g5+ hxg5 29. exf7+ Kxf7 30. Nxg5+ Kg7 31. Rd3 Re7 32. Ra3 b6 33. f4 Kf6 34.
Kf2 Ne6 35. Nxe6 Rxe6 36. Rxa7 Re4 37. Ra6 Rxf4+ 38. Ke3 Rxc4 39. Rxb6+ Kf5 40.
Rc6 Rc3+ 41. Kd2 Rxh3 42. Rxc5+ Kg4 43. a4 g5 44. Rc4+ Kh5 45. Ke2 Ra3 46. Kf2
g4 47. Rc8 Rxa4 1/2-1/2

[Event "Vasylyshyn Memorial GM"]
[Site "Lviv UKR"]
[Date "2010.11.30"]
[Round "8"]
[White "Petr, Martin"]
[Black "Fedoseev, Vladimir"]
[Result "1/2-1/2"]
[WhiteTitle "IM"]
[BlackTitle "IM"]
[WhiteElo "2462"]
[BlackElo "2477"]
[WhiteFideId "318299"]
[BlackFideId "24130737"]
[EventDate "2010.11.23"]
[EventType "tourn"]

1. e4 c5 2. Nf3 d6 3. d4 cxd4 4. Nxd4 Nf6 5. Nc3 g6 6. Be3 Bg7 7. f3 O-O 8. Qd2
Nc6 9. Bc4 Bd7 10. O-O-O Ne5 11. Bb3 Rc8 12. Kb1 a6 13. h4 h5 14. Bh6 Nc4 15.
Bxc4 Rxc4 16. Bxg7 Kxg7 17. Nd5 e5 18. Nb3 Nxd5 19. Qxd5 Rc6 20. Na5 Rb6 21. Nc4
Be6 22. Qd3 Rc6 23. Nxd6 Qa5 24. a3 Qc7 25. f4 exf4 26. e5 Rc5 27. Qe4 Qc6 28.
Rhe1 Qxe4 29. Rxe4 Bd5 30. Rxf4 Bxg2 31. Re1 b5 32. a4 bxa4 33. Rxa4 a5 34. Rf4
Bd5 35. c4 Be6 36. Kc2 Rb8 37. b3 a4 38. bxa4 Ra5 39. Kc3 Rxa4 40. Ref1 Ra3+ 41.
Kd4 Ra7 42. Kc3 Rb6 43. Nb5 Ra4 44. Nd6 Ra3+ 45. Kd4 Ra7 46. Nb5 Rd7+ 47. Kc3
Rc6 48. Nd6 Rc5 49. Re1 Ra5 50. Kd4 Bxc4 51. Ke4 Be6 52. Kf3 Ra3+ 53. Kg2 Ra2+
54. Kg3 Rda7 55. Ne8+ Kh6 56. Nf6 R7a3+ 57. Rf3 Rxf3+ 58. Kxf3 Rh2 59. Re4 g5
60. hxg5+ Kxg5 61. Kg3 Rh3+ 62. Kg2 Ra3 63. Kh2 Ra2+ 64. Kg1 Bf5 65. Rb4 Re2 66.
Rb7 Rxe5 67. Nxh5 Kxh5 68. Rxf7 Kg4 69. Kf2 Kf4 70. Rb7 Rc5 71. Rb2 Bd3 72. Rb4+
Be4 73. Rb2 Rh5 74. Rd2 Rh2+ 75. Ke1 Rh3 76. Kf2 Bd3 77. Ke1 Re3+ 78. Kd1 Rh3
79. Ke1 Ke3 80. Re2+ Kd4 81. Rg2 Be4 82. Rd2+ Kc3 83. Rd8 Rh2 84. Kf1 Kc4 85.
Kg1 Rg2+ 86. Kf1 Ra2 87. Kg1 Bd5 88. Kf1 Kd4 89. Ke1 Ke4 90. Kd1 Bb3+ 91. Kc1
Rc2+ 92. Kb1 Rh2 93. Kc1 Ke3 94. Rb8 Bc4 95. Rb2 Rh3 96. Kc2 Kd4 97. Kd2 Rd3+
98. Kc2 Rh3 99. Kd2 Bb3 100. Kc1 Ba4 101. Kd2 Bb3 102. Kc1 Kc3 103. Rc2+ Kb4
104. Rf2 Rd3 105. Rd2 Rc3+ 106. Kb2 Bc4 107. Rc2 Rf3 108. Kc1 Bb3 109. Re2 Kc3
110. Rc2+ Kd3 111. Rd2+ Ke3 112. Rh2 Kd3 113. Rd2+ Kc4 114. Kb2 Kb4 115. Rd4+
Bc4 116. Rd2 Ra3 117. Kc2 Rb3 118. Kc1 Ka3 119. Kc2 Rb2+ 120. Kc3 Rxd2 121. Kxd2 1/2-1/2

[Event "Vasylyshyn Memorial GM"]
[Site "Lviv UKR"]
[Date "2010.11.30"]
[Round "8"]
[White "Bernadskiy, Vitaliy"]
[Black "Smith, Axel"]
[Result "1/2-1/2"]
[WhiteTitle "IM"]
[BlackTitle "IM"]
[WhiteElo "2438"]
[BlackElo "2448"]
[WhiteFideId "14100371"]
[BlackFideId "1707930"]
[EventDate "2010.11.23"]
[EventType "tourn"]

1. e4 c5 2. Nf3 Nc6 3. d4 cxd4 4. Nxd4 g6 5. c4 Nf6 6. Nc3 Nxd4 7. Qxd4 d6 8.
Be3 Bg7 9. f3 Be6 10. Qd2 O-O 11. Rc1 Qa5 12. Be2 Rfc8 13. b3 a6 14. Na4 Qxd2+
15. Kxd2 Nd7 16. f4 f5 17. exf5 gxf5 18. Bf3 Rc7 19. Rhe1 Bf7 20. Nb6 Nxb6 21.
Bxb6 Rd7 22. g4 Bh6 23. Be3 d5 24. cxd5 Bxd5 25. Ke2 Bxf3+ 26. Kxf3 fxg4+ 27.
Kxg4 Kf7 28. Rc5 Rg8+ 29. Kf3 Rg6 30. Re5 Bg7 31. Rh5 Rh6 32. Rxh6 Bxh6 33. Rc1
e5 34. Rc5 exf4 35. Bxf4 Bxf4 36. Kxf4 Kf6 37. Rf5+ Kg6 38. Rg5+ Kf6 39. Rf5+ 1/2-1/2

[Event "Vasylyshyn Memorial GM"]
[Site "Lviv UKR"]
[Date "2010.11.30"]
[Round "8"]
[White "Semcesen, Daniel"]
[Black "Vovk, Andrey"]
[Result "1/2-1/2"]
[WhiteTitle "IM"]
[BlackTitle "GM"]
[WhiteElo "2449"]
[BlackElo "2546"]
[WhiteFideId "1706993"]
[BlackFideId "14114470"]
[EventDate "2010.11.23"]
[EventType "tourn"]

1. d4 Nf6 2. c4 g6 3. Nc3 Bg7 4. e4 d6 5. h3 O-O 6. Nf3 Na6 7. Be3 c5 8. d5 e6
9. Bd3 e5 10. g4 h5 11. Nh2 hxg4 12. hxg4 Nh7 13. Qd2 Bf6 14. f3 Bh4+ 15. Kd1
Bg5 16. Nf1 f6 17. Qh2 Rf7 18. Kd2 Bd7 19. Be2 Rb8 20. Bxg5 fxg5 21. Ne3 Nc7 22.
a4 a6 23. a5 b5 24. axb6 Rxb6 25. Kc1 Ne8 26. Bd1 Nef6 27. Ra2 Rg7 28. Nc2 Be8
29. Ne1 Rgb7 30. Nd3 Qc7 31. Na4 Bxa4 32. Rxa4 Qf7 33. Qd2 Nd7 34. Rh2 Qf8 35.
Qc3 Qb8 36. Ra3 Qf8 37. Rh3 Nhf6 38. Qd2 Nh7 39. Qc3 Nhf6 40. Qd2 Nh7 41. Qc3 1/2-1/2

[Event "Vasylyshyn Memorial GM"]
[Site "Lviv UKR"]
[Date "2010.11.30"]
[Round "8"]
[White "Grabliauskas, Virginijus"]
[Black "Polivanov, Anatoliy"]
[Result "0-1"]
[WhiteTitle "IM"]
[BlackTitle "IM"]
[WhiteElo "2404"]
[BlackElo "2395"]
[WhiteFideId "12800597"]
[BlackFideId "14109468"]
[EventDate "2010.11.23"]
[EventType "tourn"]

1. d4 Nf6 2. c4 e6 3. Nf3 c5 4. d5 b5 5. Bg5 exd5 6. cxd5 d6 7. e4 a6 8. a4 Be7
9. Nbd2 Nxd5 10. Bxe7 Qxe7 11. axb5 O-O 12. Bc4 Nf4 13. O-O Bb7 14. Re1 axb5 15.
Rxa8 Bxa8 16. Bxb5 Nc6 17. Nc4 Rd8 18. Qd2 Qf6 19. Rd1 Nd4 20. Nxd4 cxd4 21. f3
Qg5 22. Na3 f5 23. Bd3 fxe4 24. Bxe4 Bxe4 25. fxe4 Re8 26. Qc2 d3 27. Qb3+ Kh8
28. g3 Qg4 29. Qa4 Rf8 30. Rf1 Nh3+ 0-1

[Event "Vasylyshyn Memorial GM"]
[Site "Lviv UKR"]
[Date "2010.12.01"]
[Round "9"]
[White "Polivanov, Anatoliy"]
[Black "Vysochin, Spartak"]
[Result "1/2-1/2"]
[WhiteTitle "IM"]
[BlackTitle "GM"]
[WhiteElo "2395"]
[BlackElo "2550"]
[WhiteFideId "14109468"]
[BlackFideId "14103516"]
[EventDate "2010.11.23"]
[EventType "tourn"]

1. e4 e6 2. d4 d5 3. e5 c5 4. c3 Qb6 5. Nf3 Nc6 6. Bd3 cxd4 7. cxd4 Bd7 8. O-O
Nxd4 9. Nbd2 Ne7 10. Nxd4 Qxd4 11. Nf3 Qb6 12. Be3 Qc7 13. Rc1 Nc6 14. Qa4 Qa5
15. Qxa5 Nxa5 16. Rc7 Be7 17. Bd2 b6 18. Nd4 Nc4 19. Bxc4 dxc4 20. Rxc4 O-O 21.
Rc7 Rfd8 22. Rfc1 Kf8 23. a3 Ke8 24. Be3 Bc5 25. Nf3 Be7 26. Ng5 1/2-1/2

[Event "Vasylyshyn Memorial GM"]
[Site "Lviv UKR"]
[Date "2010.12.01"]
[Round "9"]
[White "Smith, Axel"]
[Black "Semcesen, Daniel"]
[Result "1/2-1/2"]
[WhiteTitle "IM"]
[BlackTitle "IM"]
[WhiteElo "2448"]
[BlackElo "2449"]
[WhiteFideId "1707930"]
[BlackFideId "1706993"]
[EventDate "2010.11.23"]
[EventType "tourn"]

1. e4 e5 2. Nf3 Nc6 3. Bc4 Be7 4. d4 d6 5. dxe5 dxe5 6. Qxd8+ Bxd8 7. Nc3 Be6 8.
Bb5 f6 9. Bxc6+ bxc6 10. Be3 Ne7 11. O-O-O Nc8 12. Bc5 Nb6 13. Ne1 Nd7 14. Ba3
a5 15. Nd3 Nb6 16. b3 Kf7 17. Nb2 h5 18. Rd3 Be7 19. Bxe7 Kxe7 20. Nca4 Rhd8 21.
Rhd1 Rxd3 22. Rxd3 g5 23. Nc5 Bf7 24. Kd2 Be8 25. f3 Bf7 26. a4 Ke8 27. Nd1 Ke7
28. Ne3 Be6 29. Rc3 Rd8+ 30. Ke2 Bc8 31. Nc4 Nxc4 32. Rxc4 Kd6 33. Rc3 Rg8 34.
Kf2 g4 35. Nd3 Ba6 36. b4 gxf3 37. gxf3 Bxd3 38. Rxd3+ Ke6 39. bxa5 Ra8 40. Rc3
Kd6 41. Rd3+ Ke6 42. Rc3 Kd6 43. Kg3 Rxa5 44. Ra3 f5 45. Kh4 fxe4 46. fxe4 Kc5
47. Kxh5 Kd4 48. h4 Kxe4 49. Kg6 Kf4 50. h5 e4 51. h6 Rg5+ 52. Kf6 Rh5 53. Kg6
Rg5+ 54. Kf6 Rh5 55. Kg7 Rg5+ 56. Kf7 Rh5 57. Kg7 Rg5+ 58. Kf7 Rh5 59. Kg7 Rg5+
60. Kf7 Rh5 61. Kg6 Rg5+ 62. Kf6 Rh5 63. Kg7 Rg5+ 64. Kf7 Rh5 65. Kg6 Rg5+ 66.
Kf6 Rh5 67. Kg7 Rg5+ 1/2-1/2

[Event "Vasylyshyn Memorial GM"]
[Site "Lviv UKR"]
[Date "2010.12.01"]
[Round "9"]
[White "Oleksienko, Mikhailo"]
[Black "Petr, Martin"]
[Result "0-1"]
[WhiteTitle "GM"]
[BlackTitle "IM"]
[WhiteElo "2559"]
[BlackElo "2462"]
[WhiteFideId "4152417"]
[BlackFideId "318299"]
[EventDate "2010.11.23"]
[EventType "tourn"]

1. d4 Nf6 2. c4 g6 3. Nc3 d5 4. Bd2 Bg7 5. cxd5 Nxd5 6. e4 Nb6 7. Be3 O-O 8. f4
Nc6 9. d5 Nb8 10. a4 c6 11. a5 N6d7 12. e5 cxd5 13. Qxd5 e6 14. Qe4 Nc6 15. a6
f6 16. Bc4 Qe7 17. Bb5 fxe5 18. axb7 Bxb7 19. Bxc6 Bxc6 20. Qxc6 exf4 21. Bd2
Ne5 22. Qe4 Rab8 23. Ra2 Qh4+ 24. Ke2 Rb4 25. Qxb4 f3+ 26. Nxf3 Qxb4 27. Ra4
Qxb2 28. Nd4 Ng4 0-1